MARC

LEADER 00000nam0a2200000 4500
001 56995
005 20231101211633.0
010 |a 5765427812 
035 |a (RuTPU)RU\TPU\book\59959 
090 |a 56995 
100 |a 20031020d2003 m y0rusy50 ca 
101 0 |a rus 
102 |a RU 
105 |a y j 000zy 
200 1 |a Организационное поведение  |f И. В. Андреева, В. А. Спивак 
210 |a СПб.  |c Нева  |d 2003 
215 |a 224 с. 
225 1 |a Шпаргалка 
606 |a Организационное поведение  |2 stltpush  |3 (RuTPU)RU\TPU\subj\38031  |9 58751 
610 1 |a экономика 
610 1 |a организации 
610 1 |a кадры 
610 1 |a управление 
610 1 |a организационная культура 
610 1 |a психология 
610 1 |a трудовое поведение 
610 1 |a бизнес-коммуникации 
610 1 |a труд 
610 1 |a личность 
610 1 |a групповое поведение 
610 1 |a командная работа 
610 1 |a миссия 
610 1 |a имидж 
610 1 |a учебные пособия 
686 |a У9(2)240я73  |v LBC/SL-A  |2 rubbk 
700 1 |a Андреева  |b И. В.  |g Ирина Владимировна 
701 1 |a Спивак  |b В. А.  |g Владимир Александрович 
801 1 |a RU  |b 63413507  |c 20031020  |g PSBO 
801 2 |a RU  |b 63413507  |c 20200520  |g PSBO 
900 |a Деловое общение 
900 |a Организационное поведение и управление человеческими ресурсами 
942 |c BK